Histoire de la musique en Russie
Salvato in:
| Autore principale: | |
|---|---|
| Natura: | Libro |
| Lingua: | francese |
| Pubblicazione: |
París
Société Française d'Editions d'Art
1898
|
| Soggetti: | |
| Tags: |
Aggiungi Tag
Nessun Tag, puoi essere il primo ad aggiungerne!!
|
MARC
| LEADER | 00000nam a2200000 a 4500 | ||
|---|---|---|---|
| 001 | UCN3013 | ||
| 003 | CL-VaPUC | ||
| 008 | 010615e18980000FR |||||||||||||||||fre|d | ||
| 082 | 0 | 4 | |a 780.947 |b SOU |2 21 |
| 100 | 0 | |a Soubies, Albert |e author |9 459397 | |
| 245 | 1 | 0 | |a Histoire de la musique en Russie |
| 300 | |a 303 p | ||
| 942 | |c BK | ||
| 945 | |d 20010615 00:00:00 |a crobeson | ||
| 260 | |a París |b Société Française d'Editions d'Art |c 1898 | ||
| 650 | 7 | |a MUSICA RUSA |2 CL-VaPUC |9 459398 | |
| 650 | 7 | |a MUSICA HISTORIA |2 CL-VaPUC |9 306301 | |
| 650 | 0 | |a Música popular |9 356085 | |
| 650 | 0 | |a Música sacra |9 306656 | |
| 650 | 0 | |a Romanticismo en la música |9 306753 | |
| 583 | |a last modification |c 20010615 00:00:00 |k Rodrigo Vera | ||
| 999 | |c 296028 |d 296026 | ||
| 952 | |0 0 |1 0 |4 0 |6 780_947000000000000_SOU_1898 |7 0 |8 A |9 349509 |a BIBEDU |b BIBEDU |d 2019-11-20 |i 118735K |o 780.947 SOU 1898 |p 118735K |r 2022-01-17 |w 2019-11-20 |y BK |k MUS | ||